LIBRARY & INFORMATION CENTRE, KCAET, TAVANUR

ONLINE PUBLIC ACCESS CATALOGUE (OPAC)

Agricultural engineering in development / (Record no. 6947)

MARC details
000 -LEADER
fixed length control field 00438cam a2200169ua 4500
041 ## - LANGUAGE CODE
Language code of text/sound track or separate title eng
082 ## - DEWEY DECIMAL CLASSIFICATION NUMBER
Classification number 631.1
Item number SOD/AG
100 ## - MAIN ENTRY--AUTHOR NAME
Personal name Sode, Ove .
245 ## - TITLE STATEMENT
Title Agricultural engineering in development /
260 ## - PUBLICATION, DISTRIBUTION, ETC. (IMPRINT)
Place of publication UN (Rome) :
Name of publisher Food&agriculture organisation ,
Year of publication 1990.
300 ## - PHYSICAL DESCRIPTION
Number of Pages 116 ; .
942 ## - ADDED ENTRY ELEMENTS (KOHA)
Koha item type Books
Holdings
Withdrawn status Lost status Damaged status Home library Current library Date acquired Full call number Accession Number Koha item type
      KAUAET KAUAET 07/04/2012 631.1 19679 Reference
free website counter